Normal view
MARC view
- Ética
Entry Materia
Number of records used in: 318
001 - NÚMERO DE CONTROL DEL REGISTRO
- campo de control: 12720
003 - IDENTIFICADOR DE NUMERO DE CONTROL
- campo de control: MX-MxUPN
005 - FECHA Y HORA DE LA ÚLTIMA TRANSACCIÓN
- campo de control: 20240923161615.0
008 - DATOS DE LONGITUD FIJA
- campo de control de longitud fija: 240821n| acnnnbabn a ana |d
035 ## - NÚMERO DE CONTROL DEL SISTEMA
- Número de control del sistema: UPN10000012728
040 ## - FUENTE DE LA CATALOGACIÓN
- Centro catalogador de origen: MX-MxUPN
- Lengua de catalogación: spa
- Agencia de transcripción: MX-MxUPN
150 ## - ENCABEZAMIENTO - TEMÁTICO
- Término de materia o nombre geográfico como elemento inicial: Ética
360 ## - REFERENCIA COMPLEJA DE VÉASE ADEMÁS - MATERIA
- Texto explicativo: Subdivisión
- Encabezamiento al que se remite: ETICA
- Texto explicativo: para las obras que tratan de la filosofía de la moral. También se usa con el adjetivo correspondiente a una profesión, o con la subdivisión
- Encabezamiento al que se remite: ETICA PROFESIONAL,
- Texto explicativo: bajo nombres de profesionales, y para indicar la ética de grupos sociales o ideas. Ej.:
- Encabezamiento al que se remite: ETICA LEGAL, ETICA COMUNISTA, ETICA ESTUDIANTIL.
- Texto explicativo: La palabra "Moral" no se usa sola, sino con el adjetivo que indica una religión o, por excepción en epígrafes compuestos, como
- Encabezamiento al que se remite: ARTE Y MORAL
450 ## - VÉASE - MATERIA
- Encabezamiento temático: Deontología
450 ## - VÉASE - MATERIA
- Encabezamiento temático: Etología
450 ## - VÉASE - MATERIA
- Encabezamiento temático: Filosofía moral
450 ## - VÉASE - MATERIA
- Encabezamiento temático: Moralidad
670 ## - FUENTE EN LA QUE SE LOCALIZARON DATOS
- Cita de la fuente: LC
- Información localizada: Ethics
902 ## - CATALOGADOR
- Catalogador: CAA/110809
